000 00681nam a22002417a 4500
003 OSt
005 20210930102844.0
008 111110t xxu||||| |||| 00| 0 eng d
020 _a0077099478
040 _cLC
050 _aHB171.5.B35
100 _aBegg, David
245 _aEconomics /
_cDavid, Begg
250 _a7th ed.
260 _aLondon:
_bMcGraw-Hill,
_cc2003.
300 _axii, 552 p.:
_bill.
_c26cm.
500 _aIncludes index
505 _aContents: Introduction -- Positive microeconomics -- Welfare economics -- Macroeconomics -- The World economy.
650 _aEconomics
700 _aFischer, Stanley
700 _aDornbusch, Rudiger
942 _2lcc
_cBK
999 _c263
_d7763